|
|
|
|
| LEADER |
01898nam a2200277 i 4500 |
| 003 |
GR-PaULI |
| 005 |
20220804135945.0 |
| 008 |
181207s2007 gr o|||g q || 000 0dgre d |
| 952 |
|
|
|0 0
|1 0
|2 ddc
|4 0
|6 791_430000000000000_233_092_REE
|7 0
|9 228158
|a THST
|b THST
|d 2018-12-07
|i 010341
|l 0
|o 791.430 233 092 REE
|p 025000255703
|r 2018-12-07 00:00:00
|t 1
|v 2018.00
|w 2018-12-07
|y BKN
|
| 999 |
|
|
|c 137636
|d 137636
|
| 020 |
|
|
|a 9789606715242
|
| 040 |
|
|
|a GR-PaULI
|b gre
|c GR-PaULI
|e AACR2
|
| 082 |
0 |
4 |
|2 23
|a 791.430 233 092
|
| 110 |
2 |
|
|9 93045
|a Φεστιβάλ Κινηματογράφου Θεσσαλονίκης
|
| 245 |
1 |
0 |
|a Carol Reed /
|c επιλογή κειμένων - επιμέλεια Δημήτρης Κερκινός, Δεσποινα Μουζάκη.
|
| 260 |
|
|
|a Αθήνα :
|b Φεστιβάλ Κινηματογράφου Θεσσαλονίκης ;
|b Πάπυρος,
|c 2007.
|
| 300 |
|
|
|a 151 σ. :
|b φωτ. ;
|c 24 εκ.
|
| 500 |
|
|
|a Το βιβλίο αυτό εκδόθηκε με την ευκαιρία της αναδρομής στο έργο του Carol Reed, "Πέρα από τον Τρίτο Άνθρωπο" από το Φεστιβάλ Κινηματογράφου Θεσσαλονίκης, που πραγματοποιήθηκε στην Αθήνα (13-18 Σεπτεμβρίου 2007 και στη Θεσσαλονίκη (20-26 Σεπτεμβρίου).
|
| 504 |
|
|
|6 Περιλαμβάνει φιλμογραφία.
|
| 600 |
1 |
4 |
|9 172660
|a Reed, Carol,
|d 1906-1976.
|
| 650 |
|
4 |
|a Κινηματογράφος
|x Παραγωγοί και σκηνοθέτες
|z Μεγάλη Βρετανία
|9 147959
|
| 700 |
1 |
4 |
|9 138685
|a Κερκινός, Δημήτρης
|e επιμελητής
|
| 700 |
1 |
4 |
|9 172600
|a Μουζάκη, Δέσποινα.
|e επιμελήτρια
|
| 710 |
2 |
|
|9 93045
|a Φεστιβάλ Κινηματογράφου Θεσσαλονίκης
|
| 942 |
|
|
|2 ddc
|c BKN
|
| 998 |
|
|
|c ΜΑΝΙΑ
|d 2018-12
|